| 000 | 01423nam0a2200301 4500 | ||
|---|---|---|---|
| 001 | RU\NLR\BIBL_A\010721268 | ||
| 005 | 20260405223841.0 | ||
| 035 | _a(NLR Aleph) 010721268 | ||
| 090 |
_a9821320 _c9821320 |
||
| 100 | _a20150407d1971 |||y0rusy50 ca | ||
| 101 | 0 | _asah | |
| 102 | _aRU | ||
| 105 | _aa z 000 y | ||
| 200 | 9 |
_aСаха тыла _e4-с кыл. үөрэнэр кин. _fН. Е. Петров, С. А. Иванов, Н. Н. Неустроев |
|
| 205 | _a[изд. пробное] | ||
| 210 |
_aЯкутскай _cСаха сиринээҕи кинигэ изд-вота _d1971 |
||
| 215 |
_a187,[1] с. _cил. _d22 |
||
| 300 | _aАвт. на обл. не указаны | ||
| 541 | 1 |
_aЯкутский язык _eучебник для 4 кл. _zrus |
|
| 606 | 1 |
_aЯкутский язык _jУчебники для средней школы _91075219 _3RU\NLR\AUTH\66419324 |
|
| 686 | 1 | _aШ163.41-922 | |
| 700 | 1 |
_4070 _8rus _7ca _aПетров _bН. Е. _cд-р филол. наук, тюрколог _f1929- _gНиколай Егорович _3RU\NLR\AUTH\77101998 _984924 |
|
| 701 | 1 |
_4070 _8rus _7ca _aИванов _bС. А. _cд-р филол. наук _gСпиридон Алексеевич _3RU\NLR\AUTH\7730620 _913638 |
|
| 701 | 1 |
_aНеустроев _bН.Н. _gНикифор Никифорович _4070 |
|
| 852 |
_aNLR _bОНЛ _jЯкут./3-1650 |
||
| 942 | _cBOOK | ||
| 980 | _aNB | ||